Downtown (Record no. 79961)

MARC details
000 -LEADER
fixed length control field 00937cab a22001935a 4500
001 - CONTROL NUMBER
control field L142890
008 - FIXED-LENGTH DATA ELEMENTS--GENERAL INFORMATION
fixed length control field 080317s2008 xxk f s 000 0 eng d
035 ## - SYSTEM CONTROL NUMBER
System control number (Sirsi) u142890
041 0# - LANGUAGE CODE
Language code of text/sound track or separate title eng
100 1# - MAIN ENTRY--PERSONAL NAME
Personal name Menary, Steve
245 00 - TITLE STATEMENT
Title Downtown
260 ## - PUBLICATION, DISTRIBUTION, ETC.
Date of publication, distribution, etc. 2008
490 ## - SERIES STATEMENT
Series statement Housebuilder
Volume/sequential designation 67(2) March 2008, 43-48(4)
520 ## - SUMMARY, ETC.
Summary, etc. Reviews and analyses planning and development submissions during the last year. Finds that residential planning applications fell in all regions apart from London. However the average number of units per scheme rose in most regions. Due to ongoing affordability pressures, the number of new units is not expected to increase significantly during the current year. Affordability and population growth is tightest in the south east. Northern Ireland saw the biggest reduction in applications.
590 ## - LOCAL NOTE (RLIN)
Local note KA
651 #4 - SUBJECT ADDED ENTRY--GEOGRAPHIC NAME
Geographic name United Kingdom
Chronological subdivision
690 ## - LOCAL SUBJECT ADDED ENTRY--TOPICAL TERM (OCLC, RLIN)
Topical term or geographic name as entry element Planning and development
9 (RLIN) 6259
942 ## - ADDED ENTRY ELEMENTS (KOHA)
Suppress in OPAC 0
Holdings
Withdrawn status Lost status Source of classification or shelving scheme Damaged status Not for loan Home library Current library Shelving location Date acquired Total Checkouts Full call number Barcode Date last seen Copy number Price effective from Koha item type
    Dewey Decimal Classification     London London Journal article 17/03/2008   L142890 142890-1001 06/08/2019 1 06/08/2019 Journal article